[Event "Elitserien(Kamraterna-Sollentuna)"]
[Site "?"]
[Date "2005.??.??"]
[Round "9"]
[White "Agrest, Evgenij"]
[Black "Svensson, Bengt"]
[Result "1/2-1/2"]
[WhiteElo "2682"]
[BlackElo "2459"]
[PlyCount "117"]

1. e4 c5 2. Nf3 Nc6 3. d4 cxd4 4. Nxd4 Nf6 5. Nc3 e5 6. Ndb5 d6 7. Bg5 a6 8.
Na3 b5 9. Nd5 Be7 10. Bxf6 Bxf6 11. c3 O-O 12. Nc2 Rb8 13. h4 Be7 14. Bd3 Be6
15. Nce3 Qd7 16. Nf5 Kh8 17. Qd2 Bd8 18. Bc2 Ne7 19. Nde3 Bb6 20. Nxe7 Qxe7 21.
Bb3 Bxe3 22. Qxe3 b4 23. Bxe6 Qxe6 24. O-O bxc3 25. bxc3 Rfc8 26. Rfd1 Rb2 27.
Rd5 h6 28. Rad1 Rxa2 29. Rxd6 Qg4 30. Rd7 Kg8 31. Qa7 Rf8 32. Qb7 Qxh4 33. Rf1
Rc2 34. Rc7 Qf4 35. Qd5 Rd2 36. Qc4 a5 37. Rc5 Ra8 38. g3 Qf6 39. Qa4 Rad8 40.
Rxa5 Qf3 41. Ra8 Qxc3 42. Qa5 Qxa5 43. Rxa5 f6 44. Rfa1 R2d4 45. Re1 Rc8 46.
Ra2 Rcc4 47. Rae2 Kf7 48. Kg2 Kg6 49. Kf3 Rd3+ 50. Kg2 Rdc3 51. Ra1 Rc2 52.
Rxc2 Rxc2 53. Ra7 h5 54. Kf3 Kh6 55. Ra6 Kg5 56. Ra7 g6 57. Ra6 Rc3+ 58. Kg2
Rb3 59. Rd6 1/2-1/2

[Event "Elitserien(Kamraterna-Sollentuna)"]
[Site "?"]
[Date "2005.??.??"]
[Round "9"]
[White "Svenn, Matti"]
[Black "Berg, Emanuel"]
[Result "1/2-1/2"]
[WhiteElo "2295"]
[BlackElo "2610"]
[PlyCount "90"]

1. e4 e6 2. d4 d5 3. Nc3 Bb4 4. e5 c5 5. a3 Bxc3+ 6. bxc3 Qc7 7. Nf3 b6 8. a4
Ba6 9. Bxa6 Nxa6 10. Qe2 Nb8 11. a5 bxa5 12. Ba3 Nd7 13. dxc5 Ne7 14. c6 Qxc6
15. O-O a6 16. Nd4 Qxc3 17. Rfd1 Nc5 18. Qg4 Ng6 19. Ne2 Qxc2 20. Ng3 Nd3 21.
Qd4 Qxf2+ 22. Qxf2 Nxf2 23. Kxf2 Nxe5 24. Nh5 Kd7 25. Bb2 f6 26. Nxg7 h5 27.
Bxe5 fxe5 28. Rxa5 Rh7 29. Nxe6 Rf7+ 30. Ke3 Kxe6 31. Rdxd5 Rf5 32. Rdc5 Kd6
33. Rd5+ Kc7 34. Rxe5 Re8 35. Rxe8 Rxa5 36. Re6 Kb7 37. Rh6 Rc5 38. h3 a5 39.
g4 a4 40. Kd4 a3 41. Kxc5 a2 42. Rh7+ Kb8 43. Rh8+ Ka7 44. Rh7+ Ka8 45. Rh8+
Ka7 1/2-1/2

[Event "Elitserien(Kamraterna-Sollentuna)"]
[Site "?"]
[Date "2005.??.??"]
[Round "9"]
[White "Carlsson, Pontus"]
[Black "Wengholm, Anders"]
[Result "1-0"]
[WhiteElo "2550"]
[BlackElo "2240"]
[PlyCount "44"]

1. e4 d6 2. d4 Nf6 3. Nc3 g6 4. f4 Bg7 5. Nf3 c5 6. Bb5+ Bd7 7. e5 Ng4 8. Bxd7+
Qxd7 9. d5 dxe5 10. h3 e4 11. Nxe4 Nf6 12. Nxf6+ Bxf6 13. O-O O-O 14. c4 Qc7
15. f5 Nd7 16. Bh6 Rfe8 17. Qc2 a6 18. Ng5 b5 19. Ne4 Bd4+ 20. Kh1 bxc4 21.
fxg6 hxg6 22. Rxf7 Ne5 1-0

[Event "Elitserien(Kamraterna-Sollentuna)"]
[Site "?"]
[Date "2005.??.??"]
[Round "9"]
[White "Borvander, Tom"]
[Black "Dzevlan, Miralem"]
[Result "0-1"]
[WhiteElo "2245"]
[BlackElo "2440"]
[PlyCount "96"]

1. d4 Nf6 2. c4 c5 3. d5 e5 4. Nc3 d6 5. e4 g6 6. Bd3 Bg7 7. Nf3 O-O 8. h3 Nh5
9. g3 Na6 10. a3 Nc7 11. Qe2 Bd7 12. Bd2 Rb8 13. Kf1 f5 14. Kg2 Qc8 15. b4 b6
16. Rab1 Nf6 17. Bg5 Nce8 18. Nd2 h6 19. Bxf6 Rxf6 20. Bc2 f4 21. Ba4 Rb7 22.
Bxd7 Rxd7 23. Rhf1 Rdf7 24. Qd3 h5 25. Nb3 Bh6 26. bxc5 dxc5 27. a4 a6 28. Na1
Qd8 29. a5 bxa5 30. Na4 Bf8 31. Nb3 Qc7 32. Qc3 fxg3 33. fxg3 Rxf1 34. Rxf1
Rxf1 35. Kxf1 Qd7 36. Naxc5 Qxh3+ 37. Kf2 Qh2+ 38. Kf1 Qh1+ 39. Kf2 Nf6 40. Qf3
Ng4+ 41. Ke2 Qb1 42. Ne6 Bh6 43. Qd3 Qa2+ 44. Nd2 Bxd2 45. Qxd2 Qxc4+ 46. Kd1
Qxe4 47. d6 Nf6 48. Nc5 Qb1+ 0-1

[Event "Elitserien(Kamraterna-Sollentuna)"]
[Site "?"]
[Date "2005.??.??"]
[Round "9"]
[White "Eriksson, Jonas"]
[Black "Wallin, Dennis"]
[Result "1-0"]
[WhiteElo "2390"]
[BlackElo "2285"]
[PlyCount "83"]

1. d4 e6 2. Nf3 Nf6 3. c4 c5 4. d5 d6 5. Nc3 g6 6. dxe6 Bxe6 7. Bg5 Bg7 8. e3
Qb6 9. Qb3 O-O 10. Rd1 Nc6 11. Rxd6 Qxb3 12. axb3 Na5 13. Nd2 h6 14. Bh4 g5 15.
Bg3 Nh5 16. Be2 Nxg3 17. hxg3 Rfd8 18. Rxd8+ Rxd8 19. Bd1 a6 20. Nde4 b5 21.
cxb5 Nxb3 22. bxa6 f5 23. Bxb3 Bxb3 24. Nd2 Bc2 25. a7 Ra8 26. O-O Rxa7 27. Rc1
Bd3 28. b3 Rd7 29. Na4 Bb5 30. Nc4 Bxa4 31. bxa4 Ra7 32. a5 Kf7 33. Rd1 Bc3 34.
Rd5 Bxa5 35. Rxf5+ Kg6 36. Rxc5 Bb4 37. Rc6+ Kh7 38. Ne5 Ra1+ 39. Kh2 Rf1 40.
Nd3 Bd2 41. g4 Kg7 42. Kg3 1-0

[Event "Elitserien(Kamraterna-Sollentuna)"]
[Site "?"]
[Date "2005.??.??"]
[Round "9"]
[White "Martensson, Ulf"]
[Black "Bergstrom, Peter"]
[Result "1/2-1/2"]
[WhiteElo "2150"]
[BlackElo "2364"]
[PlyCount "66"]

1. d4 d5 2. c4 c6 3. cxd5 cxd5 4. Nf3 Nf6 5. Nc3 Nc6 6. Bf4 a6 7. e3 Bg4 8. Bd3
e6 9. h3 Bh5 10. O-O Bd6 11. Bxd6 Qxd6 12. Rc1 O-O 13. g4 Bg6 14. Bxg6 hxg6 15.
a3 b5 16. b4 Rfd8 17. Qd3 Rac8 18. Kg2 Nd7 19. Ne2 Nb6 20. Nf4 Nc4 21. Rh1 e5
22. dxe5 N6xe5 23. Nxe5 Qxe5 24. Ne2 Qe4+ 25. Qxe4 dxe4 26. Nd4 Kf8 27. Ra1 Nb2
28. Ra2 Nd3 29. Rb1 Rc4 30. Raa1 Rdc8 31. a4 Rb8 32. axb5 axb5 33. Ra5 Rxb4
1/2-1/2

[Event "Elitserien(Eksjo-Rockaden)"]
[Site "?"]
[Date "2005.??.??"]
[Round "9"]
[White "Barkhagen, Jonas"]
[Black "Schussler, Harry"]
[Result "1/2-1/2"]
[WhiteElo "2538"]
[BlackElo "2464"]
[PlyCount "70"]

1. d4 e6 2. c4 Bb4+ 3. Nd2 Nf6 4. a3 Bxd2+ 5. Qxd2 b6 6. b3 O-O 7. Bb2 c5 8.
Nf3 cxd4 9. Nxd4 Bb7 10. f3 Re8 11. e4 d5 12. cxd5 exd5 13. Bb5 Nbd7 14. O-O
dxe4 15. Nf5 e3 16. Nxe3 a6 17. Bxd7 Qxd7 18. Qxd7 Nxd7 19. Nf5 f6 20. Rac1 Nc5
21. b4 Ne6 22. Nd6 Re7 23. Rfe1 Rb8 24. Bd4 b5 25. Bc5 Bd5 26. Nf5 Rd7 27. Rcd1
Nxc5 28. bxc5 Kf8 29. Kf2 a5 30. Rd2 Bc6 31. Nd6 b4 32. axb4 axb4 33. Rb2 b3
34. Re3 Bd5 35. Rd3 Be6 1/2-1/2

[Event "Elitserien(Eksjo-Rockaden)"]
[Site "?"]
[Date "2005.??.??"]
[Round "9"]
[White "Thornert, Hakan"]
[Black "Olsson, Anders"]
[Result "0-1"]
[WhiteElo "2280"]
[BlackElo "2501"]
[PlyCount "92"]

1. e4 e6 2. Qe2 c5 3. f4 Nc6 4. Nf3 Nf6 5. c3 d5 6. e5 Nd7 7. d4 cxd4 8. cxd4
Nb6 9. b3 a5 10. a4 Nb4 11. Na3 Bd7 12. Bb2 Rc8 13. Qd2 Be7 14. Be2 O-O 15. O-O
Na8 16. Rfc1 Qb6 17. Kh1 Rxc1+ 18. Qxc1 Rc8 19. Qd1 Nc7 20. Bc3 Nca6 21. Be1
Be8 22. g4 f6 23. Rc1 Rxc1 24. Qxc1 Nc6 25. Nb5 fxe5 26. fxe5 Bg6 27. Qf4 Nc7
28. Bf2 Nxb5 29. Bxb5 Qd8 30. h3 Nb4 31. Kh2 Qc8 32. Qd2 h6 33. Bh4 Bxh4 34.
Nxh4 Qc2 35. Qg2 Be4 36. Qxc2 Nxc2 37. Bd7 Kf7 38. Ng2 g5 39. h4 Ke7 40. Bc8 b6
41. hxg5 hxg5 42. Kg3 Bxg2 43. Kxg2 Nxd4 44. Ba6 Nxb3 45. Kf3 Nd4+ 46. Ke3 Nc6
0-1

[Event "Elitserien(Eksjo-Rockaden)"]
[Site "?"]
[Date "2005.??.??"]
[Round "9"]
[White "Bator, Robert"]
[Black "Andersson, Johan"]
[Result "0-1"]
[WhiteElo "2470"]
[BlackElo "2222"]
[PlyCount "66"]

1. d4 d6 2. g3 f5 3. Bg2 Nf6 4. Bg5 Nbd7 5. Qd3 g6 6. Bxf6 Nxf6 7. Bxb7 Bxb7 8.
Qb5+ Nd7 9. Qxb7 Rb8 10. Qxa7 Rxb2 11. Nf3 Rxc2 12. O-O Bh6 13. e3 O-O 14. Qa3
Qb8 15. Nc3 e6 16. Rab1 Qa8 17. Qb3 Rxc3 18. Qxc3 Qxf3 19. Qxc7 Rf7 20. Qxd6
Qe4 21. a4 e5 22. a5 f4 23. exf4 exf4 24. Rbe1 Qf5 25. a6 Rf6 26. Qa3 Bf8 27.
Qa2+ Kg7 28. a7 f3 29. Kh1 Qh3 30. Rg1 Rf5 31. Re4 Rh5 32. Rh4 Rxh4 33. gxh4
Bd6 0-1

[Event "Elitserien(Eksjo-Rockaden)"]
[Site "?"]
[Date "2005.??.??"]
[Round "9"]
[White "Gustafsson, Fredrik"]
[Black "Wessman, Richard"]
[Result "0-1"]
[WhiteElo "2200"]
[BlackElo "2500"]
[PlyCount "80"]

1. e4 c6 2. d3 d5 3. Nd2 Nf6 4. e5 Nfd7 5. f4 e6 6. Ngf3 c5 7. c3 Nc6 8. Qe2
Be7 9. g3 Qc7 10. Bh3 g6 11. O-O b6 12. a3 a5 13. Bg2 Bb7 14. b3 h6 15. c4 dxc4
16. bxc4 O-O-O 17. Bb2 g5 18. Ne4 gxf4 19. gxf4 Rhg8 20. Kh1 Nf8 21. Qe3 Ng6
22. Rf2 Nh4 23. Nxh4 Bxh4 24. Rd2 Be7 25. Bf3 a4 26. Rg1 Rxg1+ 27. Qxg1 Na5 28.
Qg2 Qd7 29. Bc3 Nb3 30. Rd1 b5 31. cxb5 Qxb5 32. d4 cxd4 33. Bb4 Bxb4 34. axb4
Kb8 35. Nd6 Bxf3 36. Qxf3 Qxb4 37. Qc6 a3 38. Nb5 Qc5 39. Qa6 Qd5+ 40. Kg1 Rg8+
0-1

[Event "Elitserien(Eksjo-Rockaden)"]
[Site "?"]
[Date "2005.??.??"]
[Round "9"]
[White "Livner, Anders"]
[Black "Krantz, Christopher"]
[Result "1-0"]
[WhiteElo "2367"]
[BlackElo "2112"]
[PlyCount "73"]

1. d4 Nf6 2. c4 e6 3. Nf3 b6 4. g3 Bb4+ 5. Nbd2 O-O 6. Bg2 Bb7 7. a3 Bxd2+ 8.
Bxd2 d6 9. O-O Nbd7 10. b4 Ne4 11. Be3 f5 12. Rc1 Qe7 13. Qb3 Ndf6 14. Rc2 Qe8
15. Ng5 h6 16. Nxe4 Bxe4 17. Bxe4 Nxe4 18. c5 g5 19. cxd6 cxd6 20. d5 e5 21.
Qd3 Nf6 22. Qxf5 Nxd5 23. Qd3 Nxe3 24. Qxe3 Rc8 25. Rxc8 Qxc8 26. Qe4 Qe6 27.
Rc1 Kg7 28. Rc7+ Rf7 29. Qb7 Qg6 30. f3 Rxc7 31. Qxc7+ Kg8 32. Qb8+ Kf7 33.
Qxa7+ Ke6 34. Qxb6 Qb1+ 35. Kg2 Qc1 36. Qa6 h5 37. Qd3 1-0

[Event "Elitserien(Limhamn-Wasa)"]
[Site "?"]
[Date "2005.??.??"]
[Round "9"]
[White "Lyrberg, Patrik"]
[Black "Hector, Jonny"]
[Result "1/2-1/2"]
[WhiteElo "2573"]
[BlackElo "2659"]
[PlyCount "89"]

1. d4 d5 2. c4 c6 3. Nf3 Nf6 4. e3 Bf5 5. Be2 e6 6. O-O Nbd7 7. b3 Bd6 8. Bb2
Qe7 9. Ne5 h5 10. f3 Rd8 11. Nd2 Bc7 12. Nxd7 Rxd7 13. Qe1 Qd6 14. g3 Ba5 15.
cxd5 exd5 16. Nc4 Bxe1 17. Nxd6+ Rxd6 18. Rfxe1 Re6 19. h4 Rxe3 20. Ba6 Rxe1+
21. Rxe1+ Kd7 22. Bxb7 Re8 23. Rc1 Re2 24. Bxc6+ Kd8 25. Ba3 Bh3 26. Bd6 Rg2+
27. Kh1 Rxa2 28. Rc3 Bd7 29. Bb7 Ne8 30. Bf8 Be6 31. Bc6 g6 32. Kg1 Rd2 33. Bc5
Ng7 34. g4 hxg4 35. fxg4 Bxg4 36. Bxd5 Nf5 37. Bxf7 Rd1+ 38. Kf2 Rd2+ 39. Kg1
Nxh4 40. Bd5 Nf5 41. Bxa7 Rd1+ 42. Kf2 Rd2+ 43. Kg1 Rd1+ 44. Kf2 Rd2+ 45. Kg1
1/2-1/2

[Event "Elitserien(Limhamn-Wasa)"]
[Site "?"]
[Date "2005.??.??"]
[Round "9"]
[White "Brynell, Stellan"]
[Black "Webb, Simon"]
[Result "1-0"]
[WhiteElo "2581"]
[BlackElo "2391"]
[PlyCount "53"]

1. e4 c6 2. c4 d5 3. exd5 cxd5 4. d4 Nf6 5. Nc3 e6 6. Nf3 Bb4 7. Bd3 dxc4 8.
Bxc4 Nc6 9. O-O O-O 10. a3 Be7 11. Qd3 b6 12. Bb3 a5 13. Re1 Ba6 14. Qe3 Rc8
15. Bd2 Qd6 16. Rad1 Ng4 17. Qe4 Nf6 18. Qh4 Nd5 19. Qh3 Nxc3 20. Bxc3 a4 21.
Bxa4 Bc4 22. Ne5 b5 23. Nxc4 bxc4 24. d5 exd5 25. Bxc6 Rxc6 26. Bb4 Rc5 27. Qe3
1-0

[Event "Elitserien(Limhamn-Wasa)"]
[Site "?"]
[Date "2005.??.??"]
[Round "9"]
[White "Carlsson, Daniel"]
[Black "Collett, Peter"]
[Result "1/2-1/2"]
[WhiteElo "2313"]
[BlackElo "2261"]
[PlyCount "98"]

1. e4 e5 2. Nf3 Nc6 3. Bb5 a6 4. Ba4 Nf6 5. O-O Be7 6. Re1 b5 7. Bb3 O-O 8. d4
Nxd4 9. Nxd4 exd4 10. e5 Ne8 11. Qxd4 c5 12. Qe4 Rb8 13. c3 c4 14. Bc2 g6 15.
b3 Bb7 16. Qe2 d5 17. Bf4 Rc8 18. Be3 Ng7 19. b4 Bxb4 20. cxb4 d4 21. Rd1 d3
22. Bxd3 Qd5 23. f4 cxd3 24. Rxd3 Qe4 25. Nd2 Qxb4 26. Rd7 Bc6 27. Rd3 Rfd8 28.
Rd1 Ne6 29. Rf1 Rxd3 30. Qxd3 Rd8 31. Qe2 Nd4 32. Bxd4 Qxd4+ 33. Rf2 Bd5 34.
Nf1 Bc4 35. Qe3 Qa1 36. f5 Rd1 37. Qf3 Rxf1+ 38. Rxf1 Qxf1+ 39. Qxf1 Bxf1 40.
Kxf1 gxf5 41. Ke2 Kf8 42. Ke3 Ke7 43. Kd4 Ke6 44. Kc5 Kxe5 45. Kb6 Kd5 46. g3
h5 47. Kxa6 Kc6 48. Ka5 Kc5 49. Ka6 Kc6 1/2-1/2

[Event "Elitserien(Limhamn-Wasa)"]
[Site "?"]
[Date "2005.??.??"]
[Round "9"]
[White "Berkell, Peder"]
[Black "Nylen, Anders"]
[Result "0-1"]
[WhiteElo "2242"]
[BlackElo "2269"]
[PlyCount "64"]

1. e3 Nf6 2. f4 g6 3. b4 Bg7 4. Bb2 d5 5. Nf3 b6 6. Be2 Bb7 7. O-O O-O 8. Qe1
c5 9. bxc5 bxc5 10. Na3 Nbd7 11. Qh4 Bc6 12. Ne5 Nxe5 13. Bxe5 Qa5 14. Nb1 Ne4
15. Bxg7 Kxg7 16. f5 Qb6 17. Nc3 Nxc3 18. f6+ Kg8 19. fxe7 Nxe2+ 20. Kh1 d4 21.
exf8=Q+ Rxf8 22. Rf2 Qb2 23. Raf1 Qxc2 24. Qg4 d3 25. Rxf7 Rxf7 26. Qe6 Nf4 27.
Qxc6 Qxd2 28. exf4 Qe2 29. Rg1 d2 30. Qd6 Qe3 31. Qd8+ Kg7 32. Qa5 Qxg1+ 0-1

[Event "Elitserien(Limhamn-Wasa)"]
[Site "?"]
[Date "2005.??.??"]
[Round "9"]
[White "Tadjerbashi, Amir"]
[Black "Nordstrom, Felix"]
[Result "1-0"]
[WhiteElo "2252"]
[BlackElo "2212"]
[PlyCount "41"]

1. e4 e6 2. d4 d5 3. Nd2 c5 4. exd5 Qxd5 5. Ngf3 cxd4 6. Bc4 Qd6 7. O-O Nf6 8.
Nb3 Nc6 9. Nbxd4 Nxd4 10. Nxd4 Bd7 11. c3 Be7 12. Qe2 O-O 13. Re1 Rfe8 14. Bg5
Nd5 15. Bxe7 Nxe7 16. Rad1 Qb6 17. Nf3 Bc6 18. Ng5 Bd5 19. Qh5 Bxc4 20. Qxh7+
Kf8 21. Rd7 1-0

[Event "Elitserien(LASK-Farsta)"]
[Site "?"]
[Date "2005.??.??"]
[Round "9"]
[White "Hjelm, Niclas"]
[Black "Niklasson, Christer"]
[Result "1/2-1/2"]
[WhiteElo "2391"]
[BlackElo "2423"]
[PlyCount "26"]

1. e4 c5 2. Nf3 e6 3. c3 Nf6 4. e5 Nd5 5. Bc4 b6 6. O-O Bb7 7. d4 cxd4 8. Nxd4
Qh4 9. Re1 Bc5 10. g3 Qd8 11. Qg4 Kf8 12. b4 Be7 13. Bf1 Nc6 1/2-1/2

[Event "Elitserien(LASK-Farsta)"]
[Site "?"]
[Date "2005.??.??"]
[Round "9"]
[White "Backelin, Rikard"]
[Black "Olsson, Linus"]
[Result "1-0"]
[WhiteElo "2402"]
[BlackElo "2385"]
[PlyCount "61"]

1. e4 c5 2. Nf3 d6 3. Bb5+ Nd7 4. c3 Ngf6 5. Qe2 a6 6. Ba4 Qc7 7. O-O c4 8. Bc2
b5 9. a4 Bb7 10. axb5 axb5 11. Na3 Qc5 12. d3 e6 13. Be3 Qc8 14. Nxb5 cxd3 15.
Bxd3 Nxe4 16. Rxa8 Bxa8 17. Ra1 Bb7 18. Bf4 Ndf6 19. Na7 Qc7 20. Ba6 Bxa6 21.
Qxa6 Be7 22. Nb5 Qd7 23. Qa8+ Bd8 24. Nxd6+ Nxd6 25. Ra7 Nb7 26. Nd4 O-O 27.
Qxb7 Qxb7 28. Rxb7 Nd5 29. Bd6 Re8 30. Rb8 Nf6 31. Nc6 1-0

[Event "Elitserien(LASK-Farsta)"]
[Site "?"]
[Date "2005.??.??"]
[Round "9"]
[White "Nilsson, Sebastian"]
[Black "Jaderberg, Bjorn"]
[Result "0-1"]
[WhiteElo "2306"]
[BlackElo "2291"]
[PlyCount "70"]

1. e4 d5 2. exd5 Qxd5 3. Nc3 Qd6 4. d4 Nf6 5. Nf3 c6 6. Be3 Bg4 7. Be2 e6 8.
Qd2 Qc7 9. h3 Bxf3 10. Bxf3 Nbd7 11. O-O Bd6 12. Rfe1 O-O 13. Rad1 Rfe8 14. Qd3
Rad8 15. Ne4 Bf4 16. c4 Bxe3 17. Qxe3 Nxe4 18. Qxe4 Nf6 19. Qd3 h6 20. Qb3 Re7
21. Qa3 Ree8 22. d5 cxd5 23. cxd5 Nxd5 24. Bxd5 exd5 25. Qxa7 Rxe1+ 26. Rxe1 d4
27. Rd1 d3 28. Qe3 d2 29. Qc3 Qd6 30. g3 Qe6 31. Kg2 Qe4+ 32. Qf3 Qe1 33. Qg4
Re8 34. h4 h5 35. Qxh5 Re2 0-1

[Event "Elitserien(LASK-Farsta)"]
[Site "?"]
[Date "2005.??.??"]
[Round "9"]
[White "Svensk, Ingemar"]
[Black "Gislason Bern, Baldvin"]
[Result "1-0"]
[WhiteElo "2292"]
[BlackElo "2247"]
[PlyCount "90"]

1. e4 e5 2. Nf3 Nc6 3. Bb5 d6 4. d4 exd4 5. Nxd4 Bd7 6. Nc3 g6 7. Be3 Bg7 8.
Qd2 Nf6 9. O-O-O Nxd4 10. Bxd7+ Qxd7 11. Bxd4 O-O 12. h4 b5 13. Qg5 h6 14. Qxb5
c6 15. Qd3 Qb7 16. Qf3 Qe7 17. Rhe1 Nd7 18. Bxg7 Kxg7 19. Qd3 Qxh4 20. Qxd6 Nb6
21. f3 Qg5+ 22. Qd2 Qa5 23. Rh1 h5 24. Qd4+ f6 25. f4 Rfd8 26. Qxd8 Rxd8 27.
Rxd8 Qc5 28. Rd3 Nc4 29. Nd1 Qe7 30. Re1 h4 31. b3 Qa3+ 32. Kb1 Qb4 33. Re2
Na3+ 34. Ka1 Qc5 35. c4 Nb5 36. Red2 Kh6 37. Ne3 g5 38. Kb2 Nc7 39. Ng4+ Kg6
40. f5+ Kh5 41. Nxf6+ Kh6 42. Nd7 Qa5 43. Rd1 Na6 44. a3 Nc5 45. Rd6+ Kg7 1-0

[Event "Elitserien(LASK-Farsta)"]
[Site "?"]
[Date "2005.??.??"]
[Round "9"]
[White "Johnson, Bjorn"]
[Black "Lindeman, Sven"]
[Result "1-0"]
[WhiteElo "2306"]
[BlackElo "2215"]
[PlyCount "59"]

1. f4 g6 2. Nf3 Bg7 3. d3 d5 4. e3 Bg4 5. d4 Nf6 6. Bd3 O-O 7. h3 Bc8 8. Nc3 b6
9. O-O e6 10. e4 dxe4 11. Nxe4 Bb7 12. Nxf6+ Bxf6 13. Be3 Na6 14. c3 c5 15. Ne5
cxd4 16. Bxd4 Nc5 17. Bb5 Qd5 18. Qe2 Ne4 19. Bc4 Qd8 20. Rfd1 Nd6 21. Ng4
Bxd4+ 22. Rxd4 h5 23. Ne5 Qe7 24. Rad1 Nxc4 25. Qxc4 Bd5 26. Qe2 Rad8 27. c4
Ba8 28. Nd7 Rfe8 29. Qe5 Qh4 30. Nf6+ 1-0

[Event "Elitserien(Skara-Passanten)"]
[Site "?"]
[Date "2005.??.??"]
[Round "9"]
[White "Cramling, Dan"]
[Black "Gausel, Einar"]
[Result "0-1"]
[WhiteElo "2387"]
[BlackElo "2588"]
[PlyCount "108"]

1. c4 e6 2. Nc3 d5 3. d4 c6 4. Nf3 Nf6 5. Bg5 h6 6. Bxf6 Qxf6 7. e3 Nd7 8. Qc2
g6 9. Bd3 dxc4 10. Bxc4 Bg7 11. O-O O-O 12. Rac1 b6 13. Rfd1 Bb7 14. a3 Rfd8
15. b4 a5 16. Qb3 axb4 17. axb4 Ra7 18. Bd3 Qe7 19. Nd2 Kh7 20. Nc4 Rda8 21.
Be4 f5 22. Bf3 e5 23. dxe5 Nxe5 24. Nxe5 Bxe5 25. Ne2 Ra2 26. Nd4 Bxd4 27. Rxd4
c5 28. bxc5 Bxf3 29. gxf3 Ra1 30. Rdd1 Rxc1 31. Rxc1 bxc5 32. Qd5 Rc8 33. Rc4
Rc7 34. f4 h5 35. Kg2 Qf8 36. h3 Kh6 37. Kf3 Qf6 38. Ra4 Kg7 39. Kg2 Qc6 40.
Qxc6 Rxc6 41. Kf3 Kf6 42. Ke2 Ke6 43. Kd3 Rd6+ 44. Kc2 Kd5 45. f3 Re6 46. Kd3
c4+ 47. Rxc4 Rxe3+ 48. Kxe3 Kxc4 49. Kf2 Kd3 50. Kg3 Ke3 51. Kh4 Kxf3 52. Kg5
Kg3 53. h4 Kf3 54. Kxg6 Kg4 0-1

[Event "Elitserien(Skara-Passanten)"]
[Site "?"]
[Date "2005.??.??"]
[Round "9"]
[White "Winsnes, Rikard"]
[Black "Larsson, Per"]
[Result "1/2-1/2"]
[WhiteElo "2506"]
[BlackElo "2341"]
[PlyCount "81"]

1. e4 c6 2. d4 d5 3. e5 Bf5 4. Nc3 e6 5. g4 Bg6 6. Nge2 Ne7 7. Be3 h5 8. Nf4
hxg4 9. Nxg6 Nxg6 10. Qxg4 Nh4 11. O-O-O g6 12. Kb1 Be7 13. Bd3 Nd7 14. Ne2 Qc7
15. Bg5 Bxg5 16. Qxg5 Qd8 17. Qd2 a5 18. c4 dxc4 19. Bxc4 Qe7 20. Ng3 Qb4 21.
Qc2 Nb6 22. Be2 Nd5 23. a3 Qb6 24. Bg4 Kf8 25. Ne4 Nc7 26. Ka1 Kg7 27. Qd2 Rad8
28. Qg5 Nd5 29. Nc5 Rde8 30. Rhg1 Qc7 31. Ne4 Qd8 32. Qd2 Re7 33. Rg3 Rc7 34.
Rdg1 b6 35. Nd6 Rd7 36. Bf3 Nxf3 37. Rxf3 Rxd6 38. exd6 Qxd6 39. h3 Rh5 40. Qd3
Ne7 41. Qb3 1/2-1/2

[Event "Elitserien(Skara-Passanten)"]
[Site "?"]
[Date "2005.??.??"]
[Round "9"]
[White "Lundin, Anders"]
[Black "Hillarp-Persson, Tiger"]
[Result "0-1"]
[WhiteElo "2239"]
[BlackElo "2574"]
[PlyCount "50"]

1. d4 g6 2. c4 Bg7 3. Nc3 d6 4. e4 e5 5. Nf3 Nc6 6. d5 Nce7 7. Be2 f5 8. exf5
Nxf5 9. h4 Nf6 10. h5 gxh5 11. Bg5 O-O 12. Qd2 e4 13. Nh4 e3 14. Bxe3 Nxe3 15.
fxe3 Ng4 16. Nf3 Qe8 17. O-O-O Bh6 18. Kb1 Bf5+ 19. Ka1 Nxe3 20. Bd3 Nxd1 21.
Qxd1 Bxd3 22. Qxd3 Qg6 23. Qd1 Bg7 24. Nb5 Rf4 25. Nbd4 Qf6 0-1

[Event "Elitserien(Skara-Passanten)"]
[Site "?"]
[Date "2005.??.??"]
[Round "9"]
[White "Loven, Anders"]
[Black "Ziegler, Ari"]
[Result "1/2-1/2"]
[WhiteElo "2155"]
[BlackElo "2416"]
[PlyCount "63"]

1. Nf3 Nf6 2. c4 g6 3. Nc3 Bg7 4. e4 O-O 5. d4 d6 6. h3 c5 7. d5 e6 8. Bd3 exd5
9. exd5 Re8+ 10. Be3 Bh6 11. O-O Bxe3 12. fxe3 a6 13. a4 Qe7 14. e4 Nbd7 15.
Rf2 Rf8 16. Qd2 Ne8 17. Raf1 f6 18. Kh1 Ng7 19. Qf4 Nh5 20. Qh2 Ne5 21. Be2
Nxf3 22. Bxf3 Ng7 23. Qf4 Bd7 24. Bg4 Bxg4 25. Qxg4 Rae8 26. Qh4 g5 27. Qh6 Rf7
28. Rxf6 Ref8 29. Rxf7 Rxf7 30. Rxf7 Kxf7 31. Qxh7 Qf6 32. e5 1/2-1/2

[Event "Elitserien(Skara-Passanten)"]
[Site "?"]
[Date "2005.??.??"]
[Round "9"]
[White "Eklund, Lars-Goran"]
[Black "Ekelund, Peter"]
[Result "1-0"]
[WhiteElo "2294"]
[BlackElo "2112"]
[PlyCount "79"]

1. Nf3 f5 2. c4 Nf6 3. g3 e6 4. Bg2 Be7 5. O-O O-O 6. d4 d5 7. b3 Na6 8. Bb2 c6
9. Ne5 Nc7 10. Ba3 a5 11. Bxe7 Qxe7 12. Nc3 Bd7 13. Na4 Be8 14. Nb6 Ra6 15. c5
Bh5 16. Qd3 Ne4 17. Rac1 g5 18. f3 Nf6 19. e4 Bg6 20. exf5 Bxf5 21. Qe3 h6 22.
Rf2 Qg7 23. Rcf1 Na8 24. Na4 Nc7 25. Nb6 Na8 26. Na4 Nc7 27. Re1 h5 28. Bf1 Ra7
29. Bd3 Bxd3 30. Qxd3 Re8 31. Kh1 Rf8 32. h4 Raa8 33. Nc3 Rae8 34. Qd2 Nh7 35.
Rg1 Kh8 36. hxg5 Nxg5 37. Rh2 Qh6 38. Qe2 Nh7 39. f4 Nf6 40. g4 1-0

[Event "Elitserien(Skara-Passanten)"]
[Site "?"]
[Date "2005.??.??"]
[Round "9"]
[White "Danielsson, Robert"]
[Black "Andersson, Goran"]
[Result "1/2-1/2"]
[WhiteElo "2002"]
[BlackElo "2222"]
[PlyCount "75"]

1. d4 Nf6 2. c4 c5 3. Nf3 cxd4 4. Nxd4 Nc6 5. Nc3 g6 6. g3 d6 7. Bg2 Bd7 8. O-O
Bg7 9. b3 O-O 10. Bb2 Qa5 11. e3 a6 12. Qd2 Rfc8 13. Rfd1 Rab8 14. a3 Qh5 15.
Nd5 Nxd5 16. cxd5 Nxd4 17. Bxd4 Bxd4 18. Qxd4 Bg4 19. Rdc1 Bf3 20. Qd2 Bxg2 21.
Kxg2 Qe5 22. f3 Rc5 23. Rxc5 Qxa1 24. Qc1 Qa2+ 25. Qc2 Qxa3 26. Rc8+ Rxc8 27.
Qxc8+ Kg7 28. Qxb7 Kf8 29. Qc8+ Kg7 30. Qc3+ f6 31. g4 g5 32. f4 h6 33. Kg3 Kf7
34. Qc2 Kg7 35. Qc7 Kf7 36. Qc2 Kg7 37. Qc7 Kf7 38. Qc2 1/2-1/2

[Event "Elitserien(Skara-Passanten)"]
[Site "?"]
[Date "2005.??.??"]
[Round "9"]
[White "Mohammadi, Amir"]
[Black "Jardas, Ingvar"]
[Result "0-1"]
[WhiteElo "2244"]
[BlackElo "1783"]
[PlyCount "108"]

1. e4 e5 2. Nf3 Nc6 3. Bc4 Bc5 4. Nc3 d6 5. Na4 Bb6 6. Nxb6 axb6 7. c3 Bg4 8.
h3 Bh5 9. d3 h6 10. Qe2 g5 11. g4 Bg6 12. h4 Qd7 13. hxg5 Qxg4 14. Rh4 Qd7 15.
Bb5 Qe7 16. gxh6 f6 17. Be3 Qh7 18. d4 Nge7 19. Bd2 O-O 20. Bc4+ Kh8 21. a3
exd4 22. cxd4 Rae8 23. d5 Nd8 24. O-O-O c6 25. Qd3 cxd5 26. Bxd5 Nxd5 27. Qxd5
Bxe4 28. Qb3 Nf7 29. Nd4 Ne5 30. Rh3 Rc8+ 31. Bc3 Qg6 32. Ne6 Rfe8 33. Rg3
Qxh6+ 34. Re3 Nd3+ 35. Kd2 Nxf2 36. Ke2 Nxd1 37. Qxd1 Rxe6 38. Qf1 Qh2+ 39. Ke1
Qh4+ 40. Kd2 Qh2+ 41. Kd1 Bf5 42. Qxf5 Qg1+ 43. Re1 Rxe1+ 44. Bxe1 Qd4+ 45. Bd2
Qa4+ 46. Ke2 Re8+ 47. Kd3 Qb3+ 48. Bc3 Qd1+ 49. Kc4 d5+ 50. Kb4 Re4+ 51. Kb5
Qa4+ 52. Kxb6 Qc6+ 53. Ka7 Qa6+ 54. Kb8 Re8+ 0-1

[Event "Elitserien(Astorp-SodraSASS)"]
[Site "?"]
[Date "2005.??.??"]
[Round "9"]
[White "Ornstein, Axel"]
[Black "Ivarsson, Stefan"]
[Result "1/2-1/2"]
[WhiteElo "2441"]
[BlackElo "2293"]
[PlyCount "161"]

1. c4 f5 2. g3 Nf6 3. Bg2 g6 4. d4 Bg7 5. Nc3 O-O 6. Nh3 d6 7. d5 c6 8. O-O Qe8
9. Rb1 cxd5 10. cxd5 Na6 11. b4 h6 12. Nf4 Nc7 13. Qb3 g5 14. Ne6 Bxe6 15. dxe6
Qc8 16. Be3 Ng4 17. Bd2 Kh8 18. Nd5 Nxd5 19. Qxd5 Rb8 20. Rbc1 Qd8 21. h3 Ne5
22. Be3 Nc6 23. b5 f4 24. bxc6 bxc6 25. Qxc6 fxe3 26. fxe3 Qa5 27. Qe4 Rxf1+
28. Rxf1 Qe5 29. Qxe5 Bxe5 30. Rf7 Rg8 31. Rxe7 Rg7 32. Rd7 Rxd7 33. exd7 Bf6
34. Kf2 Kg7 35. Kf3 Kf7 36. Kg4 Ke7 37. Bc6 Be5 38. Kh5 Bxg3 39. Kxh6 Bh4 40.
e4 Kd8 41. Kg6 Ke7 42. Kf5 Kd8 43. Ke6 Bg3 44. e3 Bf2 45. Kxd6 Bxe3 46. e5 Bc1
47. Bb5 Be3 48. a4 Bb6 49. Be2 Ba5 50. Kc6 Bb6 51. Bg4 Ba5 52. Kb5 Bb6 53. Bf5
Bc7 54. Ka6 Bb6 55. Kb7 Ke7 56. Kc8 Ba5 57. Bg4 Bb6 58. e6 Ba5 59. Kb7 Bb6 60.
Kc6 Ba5 61. Kd5 Bb4 62. Kc4 Ba5 63. Kb5 Bb6 64. Kc6 Ba5 65. Kb5 Bb6 66. a5 Bc7
67. Bf5 Bd8 68. a6 Bb6 69. Kc6 Ba5 70. Kd5 Bb4 71. Bc2 Kd8 72. Kc6 Ba5 73. Bb3
Ke7 74. Kb7 Bb6 75. Bc4 Kd8 76. Kc6 Ba5 77. Kd5 Bb4 78. Ke5 Bc5 79. Kf6 Be7+
80. Kf7 Bc5 81. Kf6 1/2-1/2